000 00364nam a2200145 i 4500
001 37901
003 ES-MaACL
005 20230906155648.0
007 t|
008 030224s1978 sp ||||1| spa d
245 0 0 _aBurgos
_b: juicio a un pueblo.
260 _aSan Sebastián :
_bLur,
_c[1978]
300 _a387 p. ;
_c21 cm.
852 _aES-MaACL
_jA-8898
_bR.97897
999 _c37901
_d37901